000
002910000a22001330004500
003
MACL
040
_a
MACL
090
_c
36171
_d
36169
100
_a
Lewinsohn , Richard
245
_a
Prophets And Prediction
260
_b
Secker & Warburg
_c
1958
650
_a
History
942
_c
BOOK
_k
900/Lew
999
_c
35782
_d
35782